MDQL
is popping MORE tags! Check the
thread
!
Quizzes
Events
Quiz Creation
Community
Videos
Private Events
Remove Ads
Sign In
Join for FREE
Feedback
Dark Mode
Quiz Categories
Sports
Geography
Music
Movies
Television
Just For Fun
Miscellaneous
History
Literature
Language
Science
Gaming
Entertainment
Religion
Holiday
For Kids
Quiz Lab
Recent
Popular Today
Quiz Kudos Today
Editor Picks
Curator Picks
Quizzes by...
Day
Popularity
Type
Ratings
Length
Year
Community
Subscriptions
Recent Discussions
Orange Saloon
Badges
Playlists
Quests
Create
Leaderboards
Showdown
Live 5
Trivia Bingo
Activity
Puzzle Library
Sporcle Events
Private Events
Virtual Trivia
Globe League
Become a Host
Pub Owners
SporcleCon
Opinionation
Our Games
Videos
Blog
Mobile Apps
Partnerships
Remove Ads and Go Orange
Feedback
Music
Pop Music
The Beatles
Song
Album
Lyrics
Bands
Singers
Artist
Clip
Rock
Rap
Classical
Billboard
Country Music
Kpop
Taylor Swift
Music
Pop Music
The Beatles
Song
Album
Lyrics
Bands
Singers
Artist
Clip
Rock
Rap
Classical
Billboard
Country Music
Kpop
Taylor Swift
Random Quiz
Search Sporcle
×
Quiz Lab
Quiz Lab
Music
Lyrics
Type in answers that appear in a list
Type in answers that appear in a list
Classic
Best Score? Go Orange.
Name This Spirit SOTC Song Stats
Can you name the Name This Spirit SOTC Song
By
neverfindme
10m
162 Questions
19 Plays
19 Plays
19 Plays
Comments
Comments
Give Quiz Kudos
Give Quiz Kudos
-
- Ratings
hide this ad
Replay
Link that replays current quiz
Next Quiz
Link to next quiz in quiz playlist
You Got
0%
They Got
Avg Score
77%
Avg Friend Score
Upgrade to see
Score Distribution
Jump to the score distribution portion of the page
Score
0/162
Timer
10:00
0
Plays Today
Hint
Answer
% Correct
I
100%
I
100%
I
100%
I
100%
I
100%
I
100%
I
100%
I
100%
I
100%
I
100%
a
94.7%
a
94.7%
a
94.7%
a
94.7%
Here
89.5%
am
89.5%
This
89.5%
is
89.5%
me
89.5%
Here
89.5%
am
89.5%
me
89.5%
world
89.5%
Here
89.5%
am
89.5%
Here
89.5%
this
89.5%
here
89.5%
here
89.5%
here
89.5%
am
89.5%
Here
89.5%
am
89.5%
This
89.5%
is
89.5%
me
89.5%
Here
89.5%
am
89.5%
me
89.5%
Here
89.5%
am
89.5%
world
89.5%
is
89.5%
Here
89.5%
am
89.5%
Here
89.5%
Here
89.5%
am
89.5%
am
89.5%
This
89.5%
is
89.5%
me
89.5%
be
84.2%
come
84.2%
Hint
Answer
% Correct
come
84.2%
be
84.2%
come
84.2%
to
84.2%
on
78.9%
and
78.9%
new
78.9%
new
78.9%
the
78.9%
new
78.9%
new
78.9%
And
78.9%
in
78.9%
the
78.9%
on
78.9%
and
78.9%
And
78.9%
And
78.9%
the
78.9%
new
78.9%
Now
78.9%
in
78.9%
There's
73.7%
nowhere
73.7%
else
73.7%
earth
73.7%
I'd
73.7%
rather
73.7%
just
73.7%
you
73.7%
start
73.7%
with
73.7%
beating
73.7%
of
73.7%
day
73.7%
I've
73.7%
waiting
73.7%
for
73.7%
you
73.7%
are
73.7%
just
73.7%
are
73.7%
There's
73.7%
nowhere
73.7%
else
73.7%
earth
73.7%
I'd
73.7%
rather
73.7%
just
73.7%
you
73.7%
you
73.7%
there's
73.7%
it's
68.4%
Tonight
68.4%
Hint
Answer
% Correct
we
68.4%
make
68.4%
our
68.4%
dreams
68.4%
true
68.4%
It's
68.4%
It's
68.4%
It's
68.4%
alive
68.4%
young
68.4%
hearts
68.4%
It's
68.4%
It's
68.4%
plan
68.4%
we
68.4%
all
68.4%
our
68.4%
Yeah
68.4%
we
68.4%
Still
68.4%
going
68.4%
strong
68.4%
Right
68.4%
place
68.4%
where
68.4%
we
68.4%
Yeah
68.4%
belong
68.4%
It's
68.4%
tonight
68.4%
we
68.4%
make
68.4%
our
68.4%
dreams
68.4%
true
68.4%
all
68.4%
brand
68.4%
Where
68.4%
nothing
68.4%
my
68.4%
been
63.2%
after
63.2%
time
63.2%
time
63.2%
has
63.2%
standing
63.2%
way
63.2%
We've
57.9%
begun
57.9%
Next
57.9%
suddenly
57.9%
I'm
57.9%
gonna
52.6%
stay
52.6%
Quiz Playlist
Details
Report
Send in Message
Add To Playlist
Classic:
Type in answers that appear in a list
Quiz Source
Last Updated: Feb 16, 2017
Quiz Scoreboard
CHALLENGE
Sign Up to Join the Scoreboard
Show All
Scores
Hide
Comments
May contain spoilers
Recently Published
1-10 Letter E Words III
by El_Dandy
Language
2m
Street Fighter Characters
by Artimus82
Gaming
60s
College Basketball Coaching Resumes
by pancakes188
Sports
9m
More to Explore
Quiz From the Vault
Featured Blog Post
Where Did the Easter Bunny Come From?
hide this ad
You Might Also Like...
Tags
Lyrics Quiz
spirit
Today's Top Quizzes in Music
Browse Music
hide this ad
Today's Top Quizzes in Lyrics
Browse Lyrics
Top Contributed Quizzes in Music
1
Taylor Swift All Songs (2024)
2
Taylor Swift Logic Puzzle
3
Guess the Artist- 70s Songs
4
7-to-1: Billboard Hot 100 #1 Hits of 2010s
5
Sorting Albums and Songs
6
KPOP LOGIC QUIZ
7
Billboard Blitz: Aretha Franklin
8
Guess the Taylor Swift song (Mystery Song)
9
Guess The Taylor Swift Lyrics Song #1
10
Billboard Blitz: ABBA
Explore More
Trending Topics
Harry Potter
Disney
Crossword
Anime
Marvel
NBA
Kpop
Song
Soccer
Pokémon
Puzzle
WWE
The Office
Country
NFL
hide this ad
More By:
neverfindme
Quiz
Plays
Rating
Category
Featured
Created
Guess the Fall Out Boy Lyrics 2
1,564
5.00
Music
Oct 4, 2014
Steven Universe Full Disclosure Lyrics
1,066
5.00
Television
Aug 10, 2015
Steven Universe Love Like You Lyrics
990
4.29
Television
Aug 10, 2015
Guess the Fall Out Boy Lyrics
896
3.20
Music
Feb 27, 2014
Guess the Steven Universe Lyrics
839
5.00
Television
Aug 10, 2015
Go to Creator's Profile
Score Distribution
Quiz Creator Spotlight
neverfindme
Follow
Send a Message
Quizzes Created
-
Created Quiz Play Count
-
More By This Creator
Popular Quizzes Today
1
Find the US States - No Outlines Minefield
2
Find the Countries of Europe - No Outlines Minefield
3
The Countries of the World
4
Find the US States
5
Risky Map Clicking: Biggest States A-Z
6
US States
7
Popular People in 1961
8
Movies - When Are They Set?
More Music Quizzes
Song Requests
Curator's Pick
Trending Quizzes
Risky Map Clicking: Least Populous States A-Z
USA Borders Longest to Shortest
1-10 Letter G Words
1-10 Letter F Words
Countries of the World: 200 Million BC
Recently Updated
Beyoncé Albums
pecheneg
Leaping Animals
pecheneg
Reality TV Shows (A-Z)
bhenderson79
Rickey Henderson's Hall of Fame Teammates
pecheneg
Champions League XIs: Arsenal
pecheneg
Quick Pick: Celebrities in WWE's Hall of Fame
aduchscher
A-Z Keypad Blitz II
pecheneg
Multiple Oscar Actors
pecheneg
Mystery Phrase Blitz: Oscar 'Best Actors'
pecheneg
F. Scott Fitzgerald Novels
LTH
Trending Topics
Disney
Harry Potter
Crossword
Marvel
Kpop
Anime
NBA
NFL
Soccer
Song
Puzzle
WWE
The Office
Pokémon
Country
Your Account Isn't Verified!
In order to create a playlist on Sporcle, you need to verify the email address you used during registration. Go to your
Sporcle Settings
to finish the process.
Report this User
Report this user for behavior that violates our
Community Guidelines
.
Details:
Send Report
Go to the Sporcle.com Mobile Site →
Comments